Catalog

Record Details

Catalog Search



Moving out : The Story of Student Initiative in World Missions / David M. Howard. Cover Image Book Book

Moving out : The Story of Student Initiative in World Missions / David M. Howard.

Howard, David M. (Author).

Record details

  • ISBN: 0-87784-565-4
  • Physical Description: 80 s.
  • Publisher: Downers Grove, Illinois : InterVarsity Press , 1984.

Available copies

  • 1 of 1 copy available at Common Catalog SPOK.

Holds

  • 0 current holds with 1 total copy.
Show All Copies
Location Call Number / Copy Notes Barcode Shelving Location Status Due Date
ETS Library 266 424470017628 Volný výběr Available -

LDR nam a22 i 4500
00146361
003CZ-PrJAB
00520200413112003.0
007ta
008 s xr e 000 0 cze
020 . ‡a0-87784-565-4
040 . ‡aABG450 ‡bcze ‡erda
072 7. ‡2Konspekt
08214. ‡a266
1001 . ‡aHoward, David M.
24510. ‡aMoving out : ‡bThe Story of Student Initiative in World Missions / ‡nDavid M. Howard.
264 1. ‡a Downers Grove, Illinois : ‡bInterVarsity Press , ‡c1984.
300 . ‡a80 s.
336 . ‡atext ‡btxt ‡2rdacontent
338 . ‡asvazek ‡bnc ‡2rdacarrier
910 . ‡aABG450
901 . ‡a46361 ‡bCZ-PrJAB ‡c46361 ‡tbiblio

Additional Resources